000 00317nam a2200133Ia 4500
008 230917s9999||||xx |||||||||||||| ||und||
040 _e131527
_aMAIN
041 _aEnglish
082 _a658 C266C
245 0 _aCase studies in management. V4
260 _aHyderabad
_bICFAI
_c2004
300 _a590 p.
942 _cBK
999 _c139802
_d139802